000 00741nam a2200253Ia 4500
003 OSt
005 20220924115722.0
006 a|||||r|||| 00| 0
007 ta
008 220923b |||||||| |||| 00| 0 urd d
020 _a818223283X (hbk)
020 _c300.00
024 _a310970
037 _b5534/9, 06/03/2009, Modern Publishing House
_cTextual
040 _aARTS
_cARTS
_burd
041 _2urd
_aurd
082 _aO168,1x, P7
100 _aBadr Aslam
_9179280
245 0 _aSaghar-e-jum jame-e-sifal
260 _aDelhi
_bEducational India
_c2007
650 _aURDU POETRY
942 _hO168,1x, P7
_cTEXL
_2CC
999 _c399552
_d399552